| 000 | 00411cam a22001457a 4500 | ||
|---|---|---|---|
| 008 | 180718b2000 xxu||||| |||| 00| 0 eng d | ||
| 020 | _a0195925335 | ||
| 082 | _aT19x5 As42a/2000 (R) | ||
| 245 | _aAsian development outlook, 2000 | ||
| 260 |
_aOxford _bOxford Univ. Press _c2000 |
||
| 300 | _a264p. | ||
| 650 | _aEconomic conditions - Asia | ||
| 650 | _aAsia - Economic policy | ||
| 650 | _aEcomomic development | ||
| 999 |
_c396065 _d396065 |
||